| 000 | 00694nam a2200217 i 4500 | ||
|---|---|---|---|
| 001 | 94051 | ||
| 003 | ES-MaACL | ||
| 005 | 20230906181359.0 | ||
| 007 | t| | ||
| 008 | 050614s1971 sp ||||1| spa d | ||
| 080 | _a332.21(460)(078) | ||
| 080 | _a65.011.56(078) | ||
| 080 | _a174(078) | ||
| 110 | 2 |
_aAcademia Carranza (Madrid) _91148 |
|
| 245 | 1 | 0 | _aContestaciones al temario de mecanización y moral profesional para oposiciones a Cajas de Ahorros. |
| 260 |
_aMadrid : _bAcademia Carranza, _c[1971] |
||
| 300 |
_a2 t. en 1 vol. ; _c22 cm. |
||
| 500 | _aEn multicopista. | ||
| 650 | 1 | 4 |
_aCajas de ahorros- _vContestaciones para oposiciones. _910664 |
| 852 |
_aES-MaACL _jC-52482 _bR.80104 |
||
| 999 |
_c94051 _d94051 |
||